Das St. Hedwigswerk
| Titel: | Das St. Hedwigswerk : Integration von katholischen Vertriebenen im Erzbistum Paderborn 1947-1967 |
|---|---|
| Verfasser: | |
| In: |
Westfälische Forschungen, Band 56 (2006), Seite 309-343, Abb., Tab. alle Artikel anzeigen |
| Veröffentlicht: | 2006 |
| Format: | Aufsatz |
| Sprache: | Deutsch |
X
alg: 39172477 001A $01999:11-11-16 001B $06050:02-02-26 $t12:42:18.000 001C $06050:19-11-16 $t08:28:38.000 001D $01999:11-11-16 001U $0utf8 001X $00 002@ $0Aox 003@ $0391724770 007A $0391724770 $aHEB 007T $0Herdc0037417m 010@ $ager 011@ $a2006 021A $aDas @St. Hedwigswerk $dIntegration von katholischen Vertriebenen im Erzbistum Paderborn 1947-1967 028A $aGrüttner $dGunnar 031A $d56 $h309-343, Abb., Tab. $j2006 039B $aIn $8--Abvc--. Westfälische Forschungen. - Münster : Aschendorffsche Verlagsbuchhandlung GmbH $ Co., 1938-. - ISSN 0083-9027 $x200600000560000691 $9046836233 045F $a610.9437 $eDDC23BSB 045F/01 $a610.9 045F/03 $g437 045T $a7,20 $a8,1 $a1 045T $aGER $qDE-30 $2FID 045T $aTHEO $qDE-21 $2FID lok: 39172477 78 exp: 39172477 78 1 #EPN 201B/01 $019-04-17 $t10:21:27.000 201U/01 $0utf8 203@/01 $0787819506 208@/01 $a11-11-16 $be 209A/01 $a/ $f000 $x00 220C/01 $aTitelaufnehmer: cs 220C/01 $aHerkunft: HI Marburg 244Z/01 $2Trx $#Kesk- ja Ida- Euroopa kontseptsioonid $#Vidurio Europos koncepcijos $#East-Central Europe $#Keletközépeurópa-eszmék $#Europa Środkowo-Wschodnia koncepcje $#Európa stredovýchodná koncepcie $#Evropa střední, východní část koncepce $#Mitteleuropa $#Osteuropakonzeptionen $#Europa Środkowa koncepcje $#Stredná Európa koncepcie $#Střední Europa koncepce $8--Trx--Ostmitteleuropakonzeptionen $x01 $9391364286 244Z/01 $2Trx $#Paderborn diecezja $8--Trx--Paderborn$gBistum $x02 $939122834X 244Z/01 $aGeschichte 1947-1967 $x03 244Z/01 $2Trx $#pagendatud $#tremtiniai $#Expellees $#elűzöttek $#wypędzeni $#vyhnanci $#vyhnanci $8--Trx--Vertriebene $x04 $9391361457 244Z/01 $2Trx $#sotsiaalhooldus $#socialinė rūpyba $#welfare $#szociális gondozás $#opieka społeczna $#sociálna starostlivosť $#péče sociální $#Wohlfahrt $#Witwen und Waisen $#pomoc społeczna $#púť $#vdovy a siroty $#pouť $#vdovy a siroty $8--Trx--Sozialfürsorge $x05 $9391373994 244Z/01 $2Trx $#kirik, Rooma-Katoliku $#bažnyčia, Romos katalikų $#Church, Roman-Catholic $#Római katolikus templom $#kościół rzymskokatolicki $#cirkev rímsko-katolícka $#církev římsko-katolická $8--Trx--Kirche, römisch-katholische $x06 $9391382845 244Z/01 $2Trx $#integratsioonipoliitika, Saksa $#Vokietijos integracinė politika $#German integration policies $#integráció politika, német $#polityka narodowościowa, niemiecka $#politika integračná nemecká $#germanizační politika $#Germanisierungspolitik $#policy of integration, German $#germanizacja $#germanizačná politika $8--Trx--Integrationspolitik, deutsche $x07 $9391382144 244Z/01 $2Trx $8--Trx--Zeitschriftenaufsatz $x08 $9391384341 245Z/01 $a09.09 $x01 247C/01 $82080>Marburg/Lahn, Herder-Institut, Forschungsbibliothek, Bibliographieportal $9336309341
| LEADER | 00000caa a22000002c 4500 | ||
|---|---|---|---|
| 001 | 391724770 | ||
| 003 | DE-603 | ||
| 005 | 20260202124218.0 | ||
| 007 | tu | ||
| 008 | 161111s2006 xx |||| | u00||u|ger c | ||
| 035 | |a (DE-599)HEB391724770 | ||
| 040 | |a DE-603 |b ger |c DE-603 |d DE-603 | ||
| 041 | |a ger | ||
| 082 | 0 | 4 | |8 1\u |a 610.9437 |q DE-101 |2 23/BSB |
| 084 | |a 7,20 |a 8,1 |a 1 |2 ssgn | ||
| 084 | |a GER |q DE-30 |2 fid | ||
| 084 | |a THEO |q DE-21 |2 fid | ||
| 085 | |8 1\u |b 610.9 | ||
| 085 | |8 1\u |z 2 |s 437 | ||
| 100 | 1 | |a Grüttner, Gunnar | |
| 245 | 0 | 0 | |a Das St. Hedwigswerk |b Integration von katholischen Vertriebenen im Erzbistum Paderborn 1947-1967 |
| 264 | 0 | |c 2006 | |
| 773 | 0 | 8 | |i In |t Westfälische Forschungen |d Münster : Aschendorffsche Verlagsbuchhandlung GmbH $ Co., 1938- |x 0083-9027 |g Band 56 (2006), Seite 309-343, Abb., Tab. |w (DE-603)046836233 |w (DE-600)2077-1 |
| 924 | 0 | |9 2080 |a (DE-603)787819506 |b DE-2080 |c HES |d d |g / | |


